[Event "Budapest zt-B"]
[Site "Budapest"]
[Date "1993.??.??"]
[Round "8"]
[White "Kuczynski, Robert"]
[Black "Chernin, Alexander"]
[Result "0-1"]
[WhiteElo "2525"]
[BlackElo "2600"]
[Annotator "Stohl,I"]
[PlyCount "80"]
[EventDate "1993.03.??"]
[EventType "tourn"]
[EventRounds "11"]
[EventCountry "HUN"]
[EventCategory "9"]
[SourceTitle "CBM 034"]
[Source "ChessBase"]
[SourceDate "1993.06.01"]
[SourceVersion "1"]
[SourceVersionDate "1993.06.01"]
[SourceQuality "1"]

1. e4 d6 2. d4 Nf6 3. Nc3 g6 4. Nf3 Bg7 5. Be2 O-O 6. O-O Bg4 7. Be3 Nc6 8. Qd2
(8. d5 Bxf3 9. Bxf3 Ne5 10. Be2 c6 11. f4 Ned7 12. Bf3 Qc7 13. dxc6 bxc6 14.
Na4 Rfd8 15. c4 e5 $1 16. Qc2 exf4 17. Bxf4 Ne5 18. c5 d5 $36 {Dvorakowski,
L-Kramazian,A,Warsaw op 1993}) 8... e5 9. d5 Ne7 {/\c6} 10. Rad1 Bd7 11. Ne1 (
11. h3 Ne8 (11... b5 $5 $13) 12. Ne1 f5 13. exf5 (13. f4 $5 $14) 13... gxf5 14.
f4 Ng6 15. Nd3 Kh8 16. a4 Rg8 17. Kh1 a5 18. Bh5 e4 19. Nc1 Nh4 $132 {
Johanesson,L-Hoi,C,Reykjavik op 1988-TD 88_05}) 11... b5 12. a3 a5 13. Nd3 (13.
b4 axb4 14. axb4 Qb8 15. f3 Ne8 $5 16. g4 f5 17. Ng2 Nf6 18. h3 h5 19. g5 Nxe4
$1 20. fxe4 f4 $13 {Lengyel,B-Cohen,A,Balatonberenyi op 1992-TD 92_04}) 13...
Qb8 14. f3 (14. b4 axb4 15. axb4 Ra3 {/\Rc3[+]} 16. f3 c6 17. dxc6 Bxc6 18. Nc1
Rd8 (18... d5 $2 19. Bc5 $16) 19. Nb3 d5 20. Bc5 Qc7 21. Na5 Be8 22. Bxe7 (22.
Nb1 Ra2 23. Nc3 $10) 22... Qxe7 23. Nxd5 Nxd5 24. exd5 e4 $44 {Thorsteins,
K-Kasparov,G,World Blitz 1988}) 14... c6 (14... Rd8 15. b4 axb4 16. Nxb4 $5
Rxa3 17. Ra1 Rxa1 18. Rxa1 Be8 19. Ra6 Rc8 20. Nc6 Bxc6 21. dxc6 b4 22. Nb5 d5
$1 $132 {Kuczynski,R-Chernin,A,Polanica Zdroj 1992-CBM 31}) 15. dxc6 Bxc6 16.
b4 d5 $1 {N} (16... axb4 $6 17. Nxb4 $1 Rxa3 18. Nxc6 Nxc6 19. Nxb5 Ra2 20. Bc4
Rb2 21. Nxd6 $16 {Vogt,L-Bernard,C,Wildbad 1990-EXP 20}) 17. Bc5 Re8 $13 18.
Nf2 $6 (18. exd5 Nexd5 19. Nxd5 Nxd5 $15 {/\} 20. bxa5 e4 21. fxe4 Nc3 $36) (
18. Bxe7 $5 Rxe7 19. exd5 Nxd5 20. Nxd5 Bxd5 21. Nc5 Bc6 $10) 18... axb4 (18...
dxe4 $6 19. Nfxe4 Nxe4 20. Nxe4 $14) 19. axb4 (19. Bxb4 d4 20. Nb1 {/\c3=} Nd7
21. c3 Nb6 {/\Nc4}) 19... d4 20. Nb1 Ra2 (20... Nd7 $5 21. c3 $5 (21. Nd3 f5
$15) 21... Nxc5 22. bxc5 $13) 21. Nd3 Nd7 22. Nc1 $1 Ra8 23. Nd3 (23. Nb3 {/\}
f5 24. Bd3 $13) 23... Nxc5 (23... f5 $5 $15) 24. Nxc5 (24. bxc5 $5 {/\c3<=>})
24... Nc8 25. Nb3 (25. c3 Nd6 $15 {/\Nc4}) 25... Qb6 26. Kh1 Nd6 27. Na5 Rec8
28. c3 Bd7 29. cxd4 exd4 {/\Nc4-+} 30. Rc1 Be6 31. Na3 $8 Rc3 32. Nb1 Rcc8 33.
Na3 Rc3 34. Rxc3 $2 (34. Nb1 $8 Rc4 $5 (34... Rcc8 $10) 35. Na3 Rac8 $36) 34...
dxc3 35. Qf4 Nb7 $1 $19 36. Nxb5 (36. Nxb7 Rxa3 $19) 36... Nxa5 37. Nc7 (37.
bxa5 Rxa5 38. Nc7 Bb3 $1 $19) 37... Rc8 38. Nxe6 Qxe6 39. bxa5 c2 40. Bd3 (40.
Qc1 Qa2 {/\Bb2}) 40... Bb2 (40... Bb2 41. Bxc2 Rxc2 $19) 0-1

[Event "Biel"]
[Site "Biel"]
[Date "1992.??.??"]
[Round "11"]
[White "Karpov, Anatoly"]
[Black "Hansen, Curt"]
[Result "1-0"]
[WhiteElo "2715"]
[BlackElo "2635"]
[Annotator "Stohl,I"]
[PlyCount "85"]
[EventDate "1992.07.??"]
[EventType "tourn"]
[EventRounds "14"]
[EventCountry "SUI"]
[EventCategory "16"]
[SourceTitle "CBM 031"]
[Source "ChessBase"]
[SourceDate "1992.12.01"]
[SourceVersion "1"]
[SourceVersionDate "1992.12.01"]
[SourceQuality "1"]

1. d4 d6 2. e4 Nf6 3. Nc3 g6 4. Nf3 Bg7 5. Be2 O-O 6. O-O c6 7. Bf4 (7. a4 Nbd7
8. a5 $5 (8. Re1 Qc7 9. Bf1 e5 10. Bg5 h6 11. Bh4 Nh5 12. dxe5 dxe5 13. Nd2 Bf6
14. Bxf6 Ndxf6 15. Nc4 Rd8 16. Qc1 Kh7 17. Qe3 b6 18. b4 Nf4 19. Rad1 Be6 20.
Nb1 Kg7 $10 {Beliavsky,A-Hansen,Cu,Biel 1992-CBM 31}) (8. Bf4 Nh5 (8... Qc7
$142 9. e5 Nh5 10. exd6 exd6 $10) 9. Bg5 h6 10. Be3 e5 11. Qd2 Kh7 12. a5 a6
13. Rfd1 Qe7 14. dxe5 dxe5 15. Ne1 Nf4 16. Bf1 Ne6 17. Na4 $16 {׫,Janovsky,
S-Beim,V,Voskresensk 1992-CBM 31}) 8... Qc7 9. Be3 e5 10. dxe5 dxe5 11. h3 Rd8
12. Qb1 Nf8 13. Qa2 Be6 14. Qa3 (14. Bc4 $14) 14... Nh5 15. Rfd1 Nf4 16. Bf1
Bf6 17. Rxd8 Qxd8 18. Rd1 Nd7 19. a6 $36 {Loginov,V-Azmaiparashvili,Z,Manila
olm 1992}) (7. Re1 Nbd7 8. a4 e5 9. Bf1 Re8 10. d5 Qc7 11. Nd2 cxd5 12. exd5 a6
13. Nc4 b6 14. b3 Bb7 15. Ba3 Bf8 16. g3 Rab8 17. Bg2 Ba8 18. Na2 Nc5 $132 {
Malishauskas,V-Piket,J,Manila olm 1992}) 7... Nbd7 8. Re1 (8. Qd2 b5 $5 9. e5
dxe5 10. dxe5 Nh5 11. Bh6 Nxe5 12. Qxd8 Rxd8 13. Bxg7 Nxf3+ 14. Bxf3 Kxg7 15.
Bxc6 Rb8 16. Bxb5 Bf5 17. Rfe1 Rdc8 18. Rxe7 Rxc3 19. bxc3 Rxb5 20. Rxa7 Nf4
$44 {Kuczynski,R-Maciejewski,A,Czestochowa ch-PL 1992-EXP 29}) 8... Qb6 $5 {N}
(8... Qa5 9. Nd2 (9. Qd2 $6 e5 10. Bh6 exd4 11. Nxd4 Nxe4 $1 12. Nxe4 Qxd2 13.
Bxd2 d5 14. Bb4 Rd8 15. Nxc6 bxc6 16. Nc3 a5 $10 {Kamsky,G-Piket,J,Dortmund
1992-CBM 29}) 9... Qc7 10. a4 (10. Bg3 e5 11. Nc4 Ne8 12. d5 Nb6 13. Qd2 f5 14.
exf5 Bxf5 15. Rad1 Nxc4 16. Bxc4 Kh8 17. Bh4 c5 18. Ne4 Bxe4 19. Rxe4 Nf6 20.
Bxf6 Rxf6 $10 {Renet,O-Pfleger,H,Royan 1988-CBM 09}) 10... e5 11. dxe5 dxe5 12.
Be3 (12. Bg3 $142 $5 {->Pe5}) 12... Rd8 13. f3 b6 14. Qb1 Nf8 15. Nd1 Ne6 16.
c3 h5 {1/2:1/2,Andersson,U-Hansen,Cu,Novi Sad olm 1990-TD 90_06}) 9. Qc1 e5 10.
dxe5 dxe5 11. Be3 (11. Nxe5 $2 Nxe5 12. Bxe5 Nxe4 $15 {/\} 13. Bxg7 Nxf2 14.
Kf1 Nh3 $1 $18) 11... Qc7 12. Nd2 Rd8 13. Rd1 $14 Nf8 (13... Bf8 $142 $5 $132)
14. Nc4 Rxd1+ (14... Be6 15. a4 $1 $36 (15. Rxd8 Rxd8 16. Bxa7 $2 Bxc4 17. Bxc4
b6 $19)) 15. Qxd1 Ne8 (15... b5 16. Qd6 $1 $16 {_|_׫}) 16. a4 Ne6 17. Nb1 $1 (
17. a5 Nd4 18. Bf1 Be6 $132) 17... b6 (17... Nd4 18. Bf1 Nd6 19. c3 Nxc4 20.
Bxc4 $36) 18. c3 Nf4 19. Bf1 Be6 20. Nbd2 h5 (20... Nd6 $142 21. Qc2 $14) 21.
Qc2 Rd8 22. b4 Nf6 (22... Nd6 23. a5 Nxc4 24. Nxc4 b5 25. Nd2 $1 Bf8 26. Nb3
$36 {קa7,c5}) 23. Nf3 Nh7 (23... Bxc4 24. Bxc4 $16 {^^,/\Ng5}) 24. Rd1 $1 $16
{׫} Rxd1 (24... f6 $142 $16) 25. Qxd1 Bg4 26. Qd6 $1 Qxd6 27. Nxd6 Kf8 (27...
Bf8 28. Nxe5 $18) 28. a5 Ke7 $8 (28... bxa5 29. bxa5 $18 {קa7}) 29. Nc4 Bxf3
$8 (29... bxa5 30. Nxa5 $18) 30. gxf3 b5 (30... Ng5 31. Nd2 bxa5 32. bxa5 $18)
31. Na3 $1 (31. Bxa7 $2 bxc4 32. a6 Kd7 $13) 31... a6 32. Nxb5 $3 cxb5 33. Bxb5
Ng5 (33... axb5 34. a6 Ne6 35. Bb6 $1 $18) 34. Bxa6 Nge6 (34... Nxf3+ 35. Kh1
$18) 35. Bc4 $18 Kd8 36. a6 Kc8 37. b5 Bf8 38. b6 Bc5 39. Bd5 $1 {/\a7+-} Nxd5
$8 40. exd5 Bxe3 41. b7+ Kc7 42. dxe6 Bc5 43. exf7 {/\Kf1-e2-d3-c4 [Stohl]} 1-0

[Event "Interpolis"]
[Site "Tilburg"]
[Date "1992.10.10"]
[Round "1.3"]
[White "Kuczynski, Robert"]
[Black "Ribli, Zoltan"]
[Result "1-0"]
[WhiteElo "2525"]
[BlackElo "2610"]
[Annotator "Stohl,I"]
[PlyCount "119"]
[EventDate "1992.10.08"]
[EventType "k.o."]
[EventRounds "7"]
[EventCountry "NED"]
[SourceTitle "CBM 032"]
[Source "ChessBase"]
[SourceDate "1993.02.01"]
[SourceVersion "1"]
[SourceVersionDate "1993.02.01"]
[SourceQuality "1"]

{Barrage 30'} 1. e4 g6 2. d4 Bg7 3. Nf3 d6 4. Nc3 Nf6 5. Be2 O-O 6. O-O c6 7.
Re1 Nbd7 8. a4 (8. Bf4 Qb6 9. Qc1 e5 10. dxe5 dxe5 11. Be3 Qc7 12. Nd2 Rd8 13.
Rd1 Nf8 14. Nc4 Rxd1+ 15. Qxd1 Ne8 16. a4 Ne6 17. Nb1 $1 b6 18. c3 Nf4 19. Bf1
Be6 20. Nbd2 $14 {Karpov,A-Hansen,C,Biel 1992,CBM 31}) (8. e5 $6 dxe5 9. dxe5
Ng4 10. e6 Qb6 $1 11. Ne4 fxe6 12. h3 Nge5 13. Nfg5 Nf6 14. Be3 Qa5 15. Nc5 Rd8
16. Qc1 Rd6 17. c4 Nf7 $15 {Cooper,J-Yrjola,J,Novi Sad olm 1990,TD 90_06}) 8...
Qc7 9. Bf1 e5 10. d5 $5 {N} (10. Bg5 h6 11. Bh4 Nh5 12. dxe5 dxe5 13. Nd2 Bf6
14. Bxf6 Ndxf6 15. Nc4 Rd8 16. Qc1 Kh7 17. Qe3 b6 18. b4 Nf4 19. Rad1 Be6 $10 {
Beliavsky,A-Hansen,C,Biel 1992,CBM 31}) 10... cxd5 11. exd5 (11. Nxd5 Nxd5 12.
Qxd5 (12. exd5 f5 $36) 12... Nb6 13. Qd3 Be6 $10) 11... a6 12. Nd2 (12. a5 b5
$1 13. axb6 Nxb6 $13 {/\Bb7,קd5}) 12... Nb6 $1 (12... b6 13. Nc4 Bb7 14. b3
$14) 13. Nb3 $8 Bd7 14. a5 Nc4 15. Ra2 (15. Bxc4 Qxc4 $15 {^^,[+]}) 15... Rac8
16. Nb1 $6 (16. Ne4 $142 Nxe4 17. Rxe4 Bb5 $13) 16... Bf5 (16... Nh5 $5 $15)
17. Bd3 e4 (17... Bxd3 $2 18. cxd3 $18) (17... Qd7 $5 {/\} 18. Qe2 Nxd5 19.
Bxc4 Nb4 $13) 18. Bxc4 Qxc4 19. Nc3 $132 {><e4,b7} Rfe8 (19... Ng4 $5 20. Ra4
Qc7 21. Nxe4 Qxc2 22. Qxc2 Rxc2 23. Nxd6 Bd7 $44) 20. Ra4 Qc7 21. Be3 Qd7 {
/\Rc3-+} (21... Ng4 22. Bd4 Ne5 23. Rb4 $14) 22. Rb4 h5 23. Nd4 (23. Bd4 $142
$14) 23... Rxc3 $5 24. bxc3 Nxd5 $44 25. Rb3 (25. Nxf5 Qxf5 26. Rxb7 Bxc3 27.
Bd2 Bd4 $44) 25... h4 (25... Rc8 $5 26. Nxf5 Qxf5 27. Rxb7 Bxc3 $13) 26. c4 (
26. Nxf5 $5 Qxf5 27. Bd4 $14) 26... Nxe3 27. fxe3 h3 $132 28. g3 Rc8 29. Rb4
Bg4 30. Qd2 Be5 31. c3 Rc5 $138 (31... Rc7 $5 $44 {/\Qc8}) 32. Reb1 Rxa5 33.
Qc2 $1 {/\Rb7,Qe4} (33. Rxb7 $2 Qxb7 $1 34. Rxb7 Ra1+ 35. Kf2 Rh1 36. Nf3 $8
exf3 37. Qd5 Rxh2+ 38. Kf1 (38. Kg1 Rg2+ 39. Kf1 Be6 40. Qxf3 Bxc4+ 41. Ke1
Rg1+ $19) 38... Be6 39. Qxf3 Bxc4+ $19) 33... Bxd4 $6 (33... b5 $44 {^^}) 34.
cxd4 Qf5 35. Rxb7 Ra3 36. Qf2 (36. R7b3 $142 $16) 36... Bf3 37. R7b3 Ra4 $132
38. Rc3 Qa5 39. Rc2 (39. Rcc1 Ra2 40. Rb2 Ra1 $10) 39... Ra1 40. Rcb2 Rxb1+ 41.
Rxb1 Qc3 42. c5 dxc5 43. dxc5 Qxc5 44. Qd2 Kh7 $10 45. Rc1 Qb5 46. Qa2 Kg7 47.
Qc2 Kh7 (47... Qb6 $10) 48. Qc4 Qb7 49. Qd4 a5 50. Qc4 Kg7 (50... Qd7 {/\} 51.
Qc8 $2 Qd2 52. Qxh3+ Kg7 $19) 51. Qc3+ Kh7 52. Qc8 $6 (52. Qc4 $10) 52... Qb2
53. Qxh3+ Kg7 54. Re1 (54. Qf1 a4 55. Rb1 Qc3 $17) 54... Qd2 55. Qf1 a4 56. Qf2
Qc3 {(+)} 57. Qa2 a3 58. Qa1 Qb2 59. Qxb2+ axb2 60. Rb1 {Time} 1-0

[Event "Altensteig"]
[Site "Altensteig"]
[Date "1994.??.??"]
[Round "3"]
[White "Zvjaginsev, Vadim"]
[Black "Bezold, Michael"]
[Result "1/2-1/2"]
[WhiteElo "2585"]
[BlackElo "2475"]
[Annotator "Stohl,I"]
[PlyCount "61"]
[EventDate "1994.08.??"]
[EventType "tourn"]
[EventRounds "11"]
[EventCountry "GER"]
[EventCategory "12"]
[SourceTitle "CBM 043"]
[Source "ChessBase"]
[SourceDate "1994.12.01"]
[SourceVersion "1"]
[SourceVersionDate "1994.12.01"]
[SourceQuality "1"]

1. d4 d6 2. e4 Nf6 3. Nc3 g6 4. Nf3 Bg7 5. Be2 O-O 6. O-O a6 7. Re1 (7. a4 b6 (
7... Nc6 $5 8. h3 e5 9. dxe5 dxe5 10. Be3 Qe7 11. Nd5 Nxd5 12. exd5 Nd4 13. c3
Nf5 14. Bg5 Qd6 15. Qb3 h6 16. Bc1 e4 17. Nh2 h5 18. Rd1 e3 $5 19. fxe3 Re8 20.
Nf1 Qe5 21. Bd2 Bf8 $44 {Tsarev,V-Gofstein,L/Kiev/1989/}) (7... Bg4 $5 8. h3
Bxf3 9. Bxf3 Nc6 10. Be3 e5 11. d5 Nd4 12. Bxd4 exd4 13. Qxd4 Nd7 14. Qe3 Re8
15. a5 Nc5 16. Rae1 Qh4 17. b4 Nd7 18. Kh2 h5 19. g3 Qf6 20. Na4 b5 21. axb6
cxb6 22. Kg2 Qd8 $44 {Mikhalevsky,V-Gofstein,L/Beersheva II/1992/}) 8. Re1 (8.
h3 Bb7 9. d5 $6 c6 10. Be3 Nbd7 11. dxc6 Bxc6 12. Nd2 Nc5 13. Bf3 Nfd7 14. Ra3
b5 15. axb5 axb5 16. Rxa8 Qxa8 17. Nd5 Bxd5 18. exd5 Bxb2 19. Qe2 Qa4 20. Bxc5
Nxc5 21. Qxe7 Be5 22. Bd1 Qd4 $17 {Ristic,N-Ermenkov,E/Dieren op/1990/}) (8.
Bg5 Bb7 9. Nd2 e5 10. d5 Nbd7 11. b4 h6 12. Be3 Nh7 (12... c6 13. Nc4 $36) 13.
f3 f5 14. g4 f4 15. Bf2 h5 16. h3 Bf6 17. Qe1 Kg7 18. Kg2 Qe7 19. Rh1 Rh8 20.
h4 hxg4 21. fxg4 g5 22. Nf3 Kf7 $13 {Hmadi,S-Chavez,R/Dubai olm/1986/}) (8. Bf4
Bb7 9. e5 Nfd7 10. exd6 cxd6 11. Qd2 Nc6 12. Bh6 Nf6 13. Ra3 $6 Rc8 14. Bxg7
Kxg7 15. Ng5 Na5 16. Nd1 h6 17. Nf3 Ne4 18. Qc1 f5 19. Nd2 e5 20. Nxe4 Bxe4 21.
Bxa6 Rxc2 $36 {Pandavos,E-Ibragimov,I/Peristeri/1993/}) 8... Bb7 9. e5 $5 (9.
Bf1 e6 10. h3 Nbd7 11. Bf4 Re8 12. Qc1 e5 13. dxe5 dxe5 14. Bg5 Nc5 15. Bc4 Qd6
16. Bxf6 Qxf6 17. Qe3 Ne6 18. Bd5 Rab8 19. Bxb7 Rxb7 20. Nd5 Qd8 21. Rad1 Nd4
22. Qd3 b5 $132 {Sezedenko,V-Ermenkov,V/Manila olm/1992/}) 9... Nd5 10. Nxd5
Bxd5 11. c4 Bxf3 12. Bxf3 Ra7 13. e6 f5 14. a5 bxa5 15. d5 Rb7 16. Qc2 c5 17.
dxc6 Rc7 18. Qa4 Qc8 19. c5 $1 $36 {Kengis,E-Ibragimov,I/Reykjavik op/1994/}) (
7. Bg5 b5 8. e5 b4 $5 9. exf6 exf6 10. Bd2 bxc3 11. Bxc3 f5 12. Re1 Nd7 13. Ba5
Rb8 14. b3 g5 15. h3 g4 16. hxg4 fxg4 17. Nh2 h5 18. Nf1 Nf6 19. Bd3 Nd5 20.
Qd2 Qf6 21. Ng3 Nf4 22. Ne4 Qh6 $13 {1/2:1/2,Bosch,J-Van der Werf,M/NLD-ch/
1994/}) (7. Bf4 b5 8. e5 Nfd7 9. Re1 Nc6 10. Bf1 dxe5 11. dxe5 Nc5 12. Qc1 Bf5
13. Nh4 e6 14. Nxf5 exf5 15. Qe3 Ne6 16. Rad1 Ncd4 17. Bh6 c5 18. Bxg7 Kxg7 19.
Ne2 Qa5 20. Nxd4 cxd4 21. Qb3 Rfd8 $17 {Cifuentes,R-Van Laatum,G/Ostende op/
1991/}) 7... e6 $5 $146 (7... b5 8. e5 $1 Nfd7 9. a4 $1 bxa4 10. e6 fxe6 11.
Ng5 Nf6 12. Bf3 c6 13. Nxe6 Bxe6 14. Rxe6 Ra7 15. Qe2 Qd7 16. Rxa4 Kf7 17. Ne4
h6 18. d5 Nxd5 19. Bg4 Qc7 20. Qf3+ Nf6 21. Nxf6 Bxf6 22. Bxh6 $40 {Ciric,
D-Clausen,S/Kobenhavn op/1989/}) (7... b6 8. e5 Ne8 9. Bg5 Bb7 10. Qd2 f6 11.
Bh6 d5 $6 12. h4 Nd7 13. Bd3 c5 14. exf6 exf6 15. h5 c4 16. Bxg7 Kxg7 17. Bf1
Nd6 18. Qf4 Nf7 19. g3 g5 20. Qd2 $14 {Berzinsh,R-Kozakov,M/Hlohovec op/1994/})
(7... Nc6 8. d5 Ne5 9. Nxe5 dxe5 10. Bf3 e6 11. Na4 exd5 12. exd5 Re8 13. c4 e4
14. Be2 Qd6 15. Be3 h5 16. h3 b5 17. Nc3 bxc4 18. Bxc4 Rb8 19. Qc2 Bf5 20. Qe2
$14 {Gavrikov,V-Hoi,C/Budapest Noviki-A/1989/}) 8. e5 (8. a4 b6 {/\Bb7<=>}) (8.
Bg5 $5 h6 9. Bf4 b5 10. e5 dxe5 11. Nxe5 $14) 8... dxe5 9. Nxe5 Nfd7 $1 10. Nf3
(10. Nxd7 Nxd7 $10 {/\c5,e5}) 10... c5 11. Be3 (11. dxc5 Nxc5 12. Be3 Qc7 $10)
11... cxd4 12. Nxd4 Qc7 13. Qd2 Ne5 (13... b6 14. Bh6 Bb7 $10) (13... Rd8 $5
$13) 14. Bh6 Nbc6 15. Bxg7 Kxg7 16. Nb3 b6 (16... Rd8 $5 17. Qe3 b6 $10) 17.
Ne4 (17. f4 $5 Rd8 $1 (17... Nd7 18. Ne4 Ne7 (18... Bb7 19. Qc3+ e5 20. Rad1
$36) 19. Qd6 $5 $14) 18. Qe3 Nd7 19. Ne4 Ne7 $1 $10) 17... Ne7 18. Bf1 Bb7 19.
Qd6 Rfc8 $1 $10 20. Qxc7 Rxc7 21. Nd6 Nd7 22. Nd4 Nf8 23. Rad1 b5 24. b3 (24.
c3 $6 Bd5 $15) (24. a4 $6 bxa4 25. Ra1 Rd8 $17) (24. Nxb7 Rxb7 25. g3 Rc7 $10)
24... b4 $1 25. Nxb7 Rxb7 26. g3 Rd7 27. Nf3 Rc7 {׫} 28. Bc4 Nc8 29. Ne5 Nb6
30. Rd6 Nfd7 31. Nxd7 (31. Nxd7 Nxd7 32. c3 $5 (32. Bxa6 Rxc2 $15) 32... a5 (
32... bxc3 33. Rc1 $10) 33. Bb5 Nc5 34. Rd4 $5 bxc3 35. Rc4 $10) 1/2-1/2

[Event "Interpolis"]
[Site "Tilburg"]
[Date "1992.10.13"]
[Round "2.4"]
[White "Speelman, Jonathan S"]
[Black "Piket, Jeroen"]
[Result "0-1"]
[WhiteElo "2590"]
[BlackElo "2615"]
[Annotator "Stohl,I"]
[PlyCount "110"]
[EventDate "1992.10.08"]
[EventType "k.o."]
[EventRounds "7"]
[EventCountry "NED"]
[SourceTitle "CBM 032"]
[Source "ChessBase"]
[SourceDate "1993.02.01"]
[SourceVersion "1"]
[SourceVersionDate "1993.02.01"]
[SourceQuality "1"]

{Barrage 30'} 1. d4 Nf6 2. Nf3 g6 3. Nc3 Bg7 (3... d5 4. Bf4 {-D00}) 4. e4 d6
5. Be3 O-O (5... a6 6. a4 O-O 7. Be2 b6 8. O-O Bb7 9. Nd2 Nc6 10. d5 Nb8 11. f4
Nbd7 12. Bf3 e6 13. Nb3 exd5 14. exd5 Re8 15. Bd4 Nc5 16. Qd2 Qd7 17. Rad1 Qf5
18. g3 h5 19. Rfe1 Rad8 20. Qg2 Bc8 $10 {Kosten,A-Gurevich,M,FRA-chT 1991,TD
91_02}) (5... c6 6. Qd2 b5 7. Bd3 Nbd7 (7... O-O 8. Bh6 Bg4 $5 9. Bxg7 Kxg7 10.
Qf4 Bxf3 11. Qxf3 e5 12. dxe5 dxe5 13. O-O Nbd7 14. Rfd1 Qe7 15. a4 a6 16. Ne2
Nc5 17. a5 Rfd8 $15 {Kosten,A-Laketic,G,Bozen op 1992,TD 92_04}) 8. Bh6 O-O $5
(8... Bxh6 9. Qxh6 e5 10. dxe5 dxe5 11. a4 b4 12. Nd1 Qe7 13. Ne3 a5 14. O-O
Bb7 15. Rad1 Kd8 16. Rfe1 Kc7 17. h3 Qf8 18. Qh4 $14 {Hennigan,M-Agnos,D,
Eastbourne ch-GB 1991}) 9. Bxg7 Kxg7 {/\} 10. e5 $6 dxe5 11. dxe5 Ng4 12. Qf4
Ndxe5 $1 13. Nxe5 Qd6 14. Qxg4 $2 (14. Nxg6 fxg6 15. Qxd6 exd6 $15) 14... Bxg4
15. Nxg4 Qb4 16. Ne3 Qxb2 17. Kd2 Rad8 18. Rad1 f5 19. Rhe1 e5 20. f3 b4 $19 {
Emms,J-Calvo,JM,Benidorm 1991}) 6. Qd2 c6 7. Bh6 $6 (7. h3 $142 $14) 7... Bg4
$1 $10 8. O-O-O Nbd7 (8... Bxf3 9. gxf3 Nbd7 10. Bxg7 Kxg7 11. f4 $13 {[+]}) 9.
Bxg7 Kxg7 10. e5 (10. Be2 e5 $10) 10... Nd5 $8 11. exd6 exd6 (11... Nxc3 $2 12.
Qxc3 exd6 13. d5+ $16) 12. Nxd5 cxd5 13. Qf4 Bxf3 14. Qxf3 Qg5+ 15. Kb1 Nf6 16.
Be2 $6 (16. h4 Qg4 17. Be2 Qxf3 18. Bxf3 Rfe8 $10) (16. Bd3 Rfe8 $132) 16...
Ne4 $15 {/\Nd2-+} 17. Ka1 Rae8 18. h4 Qf6 19. Qxf6+ $8 Nxf6 (19... Kxf6 20.
Rhf1 Re6 $36) 20. Bb5 Re6 21. f3 a6 22. Bd3 Nh5 $1 23. a4 $6 (23. Rhe1 Rfe8 24.
Rxe6 Rxe6 25. Kb1 $15) 23... Nf4 24. g3 (24. Bf1 Rfe8 25. g3 Nh5 $1 $17 {/\Re1}
(25... Re1 $2 26. Bxa6 $13)) 24... Ne2 $17 (24... Nh5 $5 25. Rhg1 Re3 $36) 25.
Rh3 (25. Bxe2 Rxe2 $17 {<->e,׻}) 25... Rfe8 (25... Nxd4 26. Bxg6 fxg6 27. Rxd4
Rxf3 28. Rxd5 $15 {<=>}) 26. h5 $6 (26. c3 Re3 $17) 26... Re3 27. hxg6 hxg6 28.
Rdh1 (28. Bxe2 Rxe2 29. c3 R8e3 $19) 28... Nxd4 29. Rh7+ Kf6 $19 30. R1h4 Ne6
$8 (30... Nxf3 $2 31. Rf4+ $36) 31. Rb4 Re7 {/\Rf3-+} 32. Rb6 Rxf3 33. Rxd6 Ke5
$1 34. Rb6 Rxg3 35. Ka2 g5 36. Rh1 Re3 37. Rf1 Nf4 38. Bh7 $6 $138 f5 {ץh7}
39. Rh6 g4 40. Bxf5 (40. Bg8 Rg7 $19) 40... Kxf5 41. Rh5+ Ke4 42. Rg5 g3 43.
Rg4 Rf7 44. Rg1 Re2 (44... g2 45. R1xg2) 45. R1xg3 Rxc2 46. Rg1 d4 47. Re1+ Kf3
48. Rg8 Rxb2+ $1 49. Ka3 (49. Kxb2 Nd3+ $19) 49... Re2 50. Rf1+ Rf2 51. Rd1 d3
52. Re8 a5 53. Kb3 Rc7 54. Re5 b6 55. Rde1 Re2 0-1